000 00724cam a22002411 4500
001 gs 15000204
003 DLC
005 20260227111317.0
008 760929s1887 dk d 000 0 dan c
010 _ags 15000204
035 _a(OCoLC)2471566
040 _aLibrary, U.S. Geological Survey
_cLNT
_dDLC
041 0 _adaneng
042 _apremarc
050 0 0 _aPD3640
_b.R6 1887
100 1 _aRosing, Svend,
_d1804-1883.
245 1 0 _aEngelsk-dansk ordbog,
_caf S. Rosing.
250 _a6. udgave.
260 _aKøbenhavn,
_bGyldendalske boghandels forlag,
_c1887.
300 _aix, [1], 541, [1] p.
_c21 cm.
650 0 _aEnglish language
_xDictionaries
_xDanish.
650 0 _aDanish language
_xDictionaries
_xEnglish.
999 _c25487
_d25487